| 000 | 01060nam a2200265 a 4500 | ||
|---|---|---|---|
| 005 | 20210223130637.0 | ||
| 008 | 080925s1990 mx r 000 0 spa d | ||
| 035 | _aUPN01000160965 | ||
| 049 | _aUNE | ||
| 080 | _a37.014. 542 (82) FER. | ||
| 100 | 1 |
_aFernández Lamarra, Norberto _936809 |
|
| 245 | 1 | 3 |
_aLa Planificación y la administración en el marco de la transformación y democratización de la educación en la Argentina: experiencias, problemas, perspectivas / _cNorberto Fernández Lamarra. |
| 260 |
_aBuenos Aires : _bUNESCO, _c1990. |
||
| 300 | _a55 p. | ||
| 440 | 0 | _aED-90/CONF-401/CONF-36 | |
| 500 | _aIncluye bibliografía. | ||
| 690 | _aPlanificacion y administracion de la educacion- Argentina | ||
| 690 | _aDemocratizacion de la educacion- Argentina | ||
| 690 | _aArgentina- Planificacion de la educacion | ||
| 700 | 1 | _aJardelevsky, Alberto | |
| 710 | 2 | _aVelázquez, Mirta | |
| 711 | 2 | _aCongreso Internacional "Planeamiento y Gestión del Desarrollo de la Educación", 1990 : México. | |
| 710 | 2 | _aUNESCO | |
| 905 | _aUNESCO | ||
| 999 |
_c133078 _d133078 |
||